| 000 | 00725nam a22002537a 4500 | ||
|---|---|---|---|
| 999 |
_c6337 _d6337 |
||
| 003 | AR-CdUCM | ||
| 008 | 190314b ||||| |||| 00| 0 por d | ||
| 040 |
_aMUNICIPALIDAD PROVINCIAL DEL CUSCO _cBIBLIOTECA MUNICIPAL DEL CUSCO |
||
| 041 | _hpor | ||
| 082 |
_a869.56 / _bP17 |
||
| 100 |
_aPaiva de Castro, Luiz _918120 |
||
| 245 | _aTauantinsuyu / | ||
| 260 |
_aRio de Janeiro : _c1974. |
||
| 300 |
_a116 páginas ; _c21 cm. |
||
| 505 | _aContenido : Poesía al Tauantinsuyu | ||
| 650 |
_aPoesía _9444 |
||
| 650 |
_aPoesía en portugués _918121 |
||
| 650 |
_aBrasil _91261 |
||
| 650 |
_aLiteratura _9416 |
||
| 650 |
_aInca _9421 |
||
| 700 |
_aJosé Alvaro (Editor) _918122 |
||
| 942 |
_2ddc _cLIBROS |
||
| 945 | _admma | ||